000 01376nas a2200277Ia 4500
001 R050-S1208
003 IT-CnALBA
008 170116c99999999xx |||||||||||| ||und||
040 _aIT-CnALBA
_cIT-CnALBA
041 _aITALIANO
100 _aQUAGLINI MARIA AGNES
210 _aCATECHISTI PARROCCHIALI
222 _aCATECHISTI PARROCCHIALI
245 0 _aCATECHISTI PARROCCHIALI. VIA VERITÀ VITA. APRILE 1968.
250 _a1a ed.
260 _a ROMA
_bCENTRO CATECHISTICO PAOLINO
_c1968 [1° Ed.:1968 - Ed.Ling.Originale: 1968]
300 _a32 p.
310 _aMENSILE
362 _aFascicolo: 4 / Anno: 5 (1968)
500 _aIL NOSTRO PASSAGGIO. TEMPO LITURGICO, PASQUA. DIALOGO PER CORRISPONDENZA. FERORNATO. CANONE MESSA IN ITALIANO. MIGNOLLI M. CATECHISMO TEMPI LITURGICI, PIGNATIELLO. TESTIMONI DELLA PAROLA DI DIO. BATTISTELLA. LITURGIA. GALLIANO A. M. VEGLIA. GRAZIOSO A. SEGNALAZIONI.
501 _aSocietà San Paolo EM - Piazza San Paolo, 14 - 12051 ALBA (CN) (non commercial uses only) ® Copyright 2017
520 _aIL NOSTRO PASSAGGIO. TEMPO LITURGICO, PASQUA. DIALOGO PER CORRISPONDENZA. FERORNATO. CANONE MESSA IN ITALIANO. MIGNOLLI M. CATECHISMO TEMPI LITURGICI, PIGNATIELLO. TESTIMONI DELLA PAROLA DI DIO. BATTISTELLA. LITURGIA. GALLIANO A. M. VEGLIA. GRAZIOSO A. SEGNALAZIONI.
650 _aCATECHESI
942 _cCR
957 _71
999 _a62774
_bNO
_g1
_c329800
_d329800